[Event "DVM U10 2015"]
[Site "Magdeburg GER"]
[Date "2015.12.29"]
[Round "7"]
[White "Gorodezki, Andrey"]
[Black "Runds, Emily Sophie"]
[Result "1-0"]
[Termination "normal"]
[Board "13.3"]
[WhiteElo "1075"]
[BlackElo "976"]
[WhiteTeam "Schachpinguine Berlin 2"]
[BlackTeam "SV Empor Erfurt 2"]
[PlyCount "35"]
[BlackFideId "16235231"]
[EventCountry "GER"]
[EventRounds "7"]
[EventType "team-swiss"]
[EventDate "2015.12.27"]

1. e4 e5 2. Nf3 Nc6 3. d4 exd4 4. Nxd4 Bc5 5. Nxc6 bxc6 6. Bc4 Nf6 7. Nc3 d6 8.
O-O O-O 9. Bf4 Bb7 10. Qf3 d5 11. exd5 cxd5 12. Bd3 Rb8 13. Qg3 Bb6 14. Qh3 d4
15. Be5 h6 16. Qf5 Be4 17. Nxe4 Qe8 18. Nxf6+ 1-0

[Event "DVM U10 2015"]
[Site "Magdeburg GER"]
[Date "2015.12.29"]
[Round "7"]
[White "Mantu, Valentin"]
[Black "Korek, Jakob Alexander"]
[Result "0-1"]
[Termination "normal"]
[Board "13.4"]
[WhiteElo "952"]
[BlackElo "1010"]
[WhiteTeam "SV Empor Erfurt 2"]
[BlackTeam "Schachpinguine Berlin 2"]
[PlyCount "75"]
[WhiteFideId "16278054"]
[BlackFideId "16240022"]
[EventCountry "GER"]
[EventRounds "7"]
[EventType "team-swiss"]
[EventDate "2015.12.27"]

1. b4 e5 2. Bb2 Nc6 3. b5 Nd4 4. e3 Nxb5 5. Bxb5 Qe7 6. e4 Qb4 7. Bxe5 Qxe4+ 8.
Ne2 Qxe5 9. Nbc3 Bb4 10. O-O Nf6 11. Re1 O-O 12. Ng3 Qd6 13. Nce2 Qxd2 14. Qb1
Qd6 15. Qb3 Bxe1 16. Rxe1 Qd5 17. Qb4 Qxa2 18. Bc4 Qxc2 19. Nd4 Qg6 20. Ndf5
Kh8 21. Re7 d6 22. Nh4 Qg4 23. Nf3 Nd5 24. Ng5 Nxe7 25. Nxh7 Re8 26. Qb1 Qxc4
27. Ng5 Ng6 28. Nh5 Bf5 29. Qa1 Rg8 30. h3 a6 31. g4 Bxg4 32. Nxf7+ Qxf7 33.
hxg4 Ne5 34. f4 Nxg4 35. Qb1 Qxh5 36. Qc2 Qh2+ 37. Qxh2+ Nxh2 38. Kxh2 0-1

[Event "DVM U10 2015"]
[Site "Magdeburg GER"]
[Date "2015.12.29"]
[Round "7"]
[White "Holz, Leonard"]
[Black "Kraft, Adrian"]
[Result "1/2-1/2"]
[Termination "normal"]
[Board "14.1"]
[WhiteElo "1211"]
[BlackElo "1052"]
[WhiteTeam "SK Werther 1949"]
[BlackTeam "SC Borussia 1920 Friedrichsfelde"]
[PlyCount "51"]
[BlackFideId "16235010"]
[EventCountry "GER"]
[EventRounds "7"]
[EventType "team-swiss"]
[EventDate "2015.12.27"]

1. d4 d5 2. Bf4 Nf6 3. e3 e6 4. Nd2 Nbd7 5. c3 c5 6. Ngf3 b6 7. Bb5 Be7 8. Ne5
O-O 9. Qc2 Bd6 10. Nxd7 Bxd7 11. Bxd6 Bxb5 12. Bxf8 Qxf8 13. h4 Qe7 14. f3 Nh5
15. Kf2 Rc8 16. g4 Nf6 17. Nb3 Ba4 18. Qd2 Bb5 19. h5 h6 20. Rag1 Nd7 21. Qc2
f6 22. e4 Re8 23. f4 Qd6 24. e5 Qe7 25. Qg6 Rf8 26. Ke3 1/2-1/2

[Event "DVM U10 2015"]
[Site "Magdeburg GER"]
[Date "2015.12.29"]
[Round "7"]
[White "Klühs, Isabel"]
[Black "Drees, Leon"]
[Result "0-1"]
[Termination "normal"]
[Board "14.2"]
[WhiteElo "886"]
[BlackElo "1072"]
[WhiteTeam "SC Borussia 1920 Friedrichsfelde"]
[BlackTeam "SK Werther 1949"]
[PlyCount "94"]
[WhiteFideId "16228944"]
[BlackFideId "16299523"]
[EventCountry "GER"]
[EventRounds "7"]
[EventType "team-swiss"]
[EventDate "2015.12.27"]

1. d4 d5 2. Nf3 Bf5 3. e3 Nd7 4. c4 Ngf6 5. Nc3 c6 6. Be2 e6 7. O-O Bd6 8. b3
Qc7 9. h3 h6 10. Bb2 g5 11. c5 Be7 12. Bd3 Be4 13. Qe2 Rg8 14. b4 a6 15. a4 b6
16. Bxa6 bxc5 17. bxc5 h5 18. Nh2 g4 19. h4 g3 20. fxg3 Qxg3 21. Nxe4 dxe4 22.
Bb7 Rb8 23. Bxc6 Rb3 24. Ra3 Rb4 25. Bc3 Rc4 26. Bb7 Nb6 27. cxb6 Bxa3 28. Ba6
Rxc3 29. b7 Bd6 30. Rf4 Rc1+ 31. Qf1 Rxf1+ 32. Kxf1 Bxf4 33. exf4 Qxf4+ 34. Kg1
Ke7 35. Bf1 Qe3+ 36. Kh1 Qxd4 37. a5 Qd1 38. a6 Qa1 39. Kg1 Nd5 40. Kf2 Nc7 41.
Be2 Nxa6 42. Ke3 Qc3+ 43. Kf2 Nc5 44. b8=Q Rxb8 45. Nf1 Rb2 46. Ne3 Nd3+ 47.
Kf1 Qe1# 0-1

[Event "DVM U10 2015"]
[Site "Magdeburg GER"]
[Date "2015.12.29"]
[Round "7"]
[White "Deniz, Kevin"]
[Black "Neumann, Kai-Minh"]
[Result "0-1"]
[Termination "normal"]
[Board "14.3"]
[WhiteElo "1050"]
[BlackElo "831"]
[WhiteTeam "SK Werther 1949"]
[BlackTeam "SC Borussia 1920 Friedrichsfelde"]
[PlyCount "38"]
[WhiteFideId "34620346"]
[BlackFideId "16286227"]
[EventCountry "GER"]
[EventRounds "7"]
[EventType "team-swiss"]
[EventDate "2015.12.27"]

1. e4 e5 2. Bc4 Nf6 3. d4 Nc6 4. dxe5 Nxe5 5. Bg5 Nxc4 6. Qd4 Nb6 7. e5 c5 8.
Qc3 Nbd5 9. Qd3 Nb4 10. Qf3 Qe7 11. Ne2 Qxe5 12. Bxf6 gxf6 13. Nbc3 Nxc2+ 14.
Kd2 Nxa1 15. Rxa1 Bh6+ 16. Kc2 c4 17. Re1 Qg5 18. Nd4+ Kf8 19. Re2 Qc1# 0-1

[Event "DVM U10 2015"]
[Site "Magdeburg GER"]
[Date "2015.12.29"]
[Round "7"]
[White "Niemann, Leon"]
[Black "Eilenberg, Jonas"]
[Result "1/2-1/2"]
[Termination "normal"]
[Board "15.1"]
[WhiteElo "1090"]
[BlackElo "1494"]
[WhiteTeam "Hannover 96"]
[BlackTeam "Schachpinguine Berlin 1"]
[PlyCount "85"]
[WhiteFideId "16218388"]
[BlackFideId "16204271"]
[EventCountry "GER"]
[EventRounds "7"]
[EventType "team-swiss"]
[EventDate "2015.12.27"]

1. c4 c6 (1... c5 2. d4 d5 3. dxc5) 2. d4 d5 3. cxd5 cxd5 4. Nc3 Nf6 5. g3 Nc6
6. Bg2 e6 7. Nf3 Be7 8. O-O O-O 9. e3 Re8 10. Bd2 Bd7 11. Rc1 Ne4 12. Nxe4 dxe4
13. Ne5 f5 14. Nxd7 Qxd7 15. Qe2 a6 16. a3 Rac8 17. b4 Kh8 18. Bc3 Qd5 19. Rb1
Qd7 20. Rfc1 Rc7 21. Rc2 Rec8 22. Rbc1 Na7 23. Bb2 Rxc2 24. Rxc2 Rxc2 25. Qxc2
Qc6 26. Qxc6 Nxc6 27. Kf1 Kg8 28. h4 b5 29. Kg1 g6 30. Bf1 Kf8 31. Be2 Bd6 32.
Kf1 Ke7 33. Ke1 Kd7 34. Kd2 Kc7 35. Kc2 Kb6 36. Kb3 a5 37. Bc3 a4+ 38. Kb2 e5
39. dxe5 Bxe5 40. Bxe5 Nxe5 41. Kc3 Nc6 42. Kc2 Na7 43. Kb2 1/2-1/2

[Event "DVM U10 2015"]
[Site "Magdeburg GER"]
[Date "2015.12.29"]
[Round "7"]
[White "Schenk, Jannik"]
[Black "Janovskij, Konstantin"]
[Result "0-1"]
[Termination "normal"]
[Board "15.2"]
[WhiteElo "809"]
[BlackElo "963"]
[WhiteTeam "Schachpinguine Berlin 1"]
[BlackTeam "Hannover 96"]
[PlyCount "68"]
[WhiteFideId "16204344"]
[BlackFideId "16225252"]
[EventCountry "GER"]
[EventRounds "7"]
[EventType "team-swiss"]
[EventDate "2015.12.27"]

1. d4 d5 2. c4 e6 3. Nc3 Nf6 4. cxd5 exd5 5. Bg5 Bb4 6. a3 Bxc3+ 7. bxc3 O-O 8.
e3 Bf5 9. Qf3 Be4 10. Qe2 Nc6 11. Nf3 Re8 12. g3 h6 13. Bf4 Qd7 14. Bg2 Bf5 15.
O-O Bh3 16. Nd2 Bxg2 17. Kxg2 Qf5 18. Rfe1 Rad8 19. Rab1 Ne4 20. Nxe4 dxe4 21.
a4 Ne7 22. Rxb7 Ng6 23. Bxc7 Rd7 24. Rxa7 Rc8 25. Bb6 Rxa7 26. Bxa7 Qg5 27. h3
Nh4+ 28. Kh2 Nf3+ 29. Kh1 Nxe1 30. h4 Qf5 31. Qxe1 Ra8 32. Bc5 Rxa4 33. Qd1 Ra2
34. Kg2 Qxf2+ 0-1

[Event "DVM U10 2015"]
[Site "Magdeburg GER"]
[Date "2015.12.29"]
[Round "7"]
[White "Mimkes, Antal"]
[Black "Seibt, Bruno"]
[Result "0-1"]
[Termination "normal"]
[Board "16.1"]
[WhiteElo "961"]
[BlackElo "1050"]
[WhiteTeam "KSV Rochade Göttingen 1"]
[BlackTeam "SC 1994 Oberland"]
[PlyCount "60"]
[WhiteFideId "16265963"]
[BlackFideId "16219988"]
[EventCountry "GER"]
[EventRounds "7"]
[EventType "team-swiss"]
[EventDate "2015.12.27"]

1. e4 e5 2. f4 exf4 3. Nf3 Nc6 4. d4 Nf6 5. Nc3 Bb4 6. Bxf4 Nxe4 7. Bd3 Nxc3 8.
bxc3 Bxc3+ 9. Bd2 Bxa1 10. O-O Bxd4+ 11. Nxd4 Nxd4 12. Re1+ Ne6 13. Bc4 d5 14.
Bd3 Bd7 15. Rf1 Qe7 16. Be3 Rc8 17. Qf3 O-O 18. Qh3 Ng5 19. Qh4 Nf3+ 20. Rxf3
Qxh4 21. Rg3 Rfe8 22. Bg5 Qd4+ 23. Kf1 Bg4 24. h3 Bd7 25. c3 Qe5 26. Re3 Qxg5
27. Rxe8+ Rxe8 28. h4 Qxh4 29. Bxh7+ Kxh7 30. c4 Re1# 0-1

[Event "DVM U10 2015"]
[Site "Magdeburg GER"]
[Date "2015.12.29"]
[Round "7"]
[White "Rößler, Philipp"]
[Black "Anosowitsch, Nick"]
[Result "0-1"]
[Termination "normal"]
[Board "16.2"]
[WhiteElo "1034"]
[BlackElo "875"]
[WhiteTeam "SC 1994 Oberland"]
[BlackTeam "KSV Rochade Göttingen 1"]
[PlyCount "40"]
[WhiteFideId "16209885"]
[EventCountry "GER"]
[EventRounds "7"]
[EventType "team-swiss"]
[EventDate "2015.12.27"]

1. e4 e5 2. Nf3 Nc6 3. Bc4 Nf6 4. d3 Be7 5. Be3 O-O 6. Nc3 d6 7. O-O Bg4 8. h3
Bh5 9. Nd5 Nxd5 10. Bxd5 Qd7 11. Qd2 Bxf3 12. gxf3 Qxh3 13. f4 exf4 14. Bxf4
Nd4 15. f3 Nxf3+ 16. Rxf3 Qxf3 17. Bxb7 Rab8 18. Bd5 Rxb2 19. Rf1 Qg4+ 20. Kf2
Bh4+ 0-1

[Event "DVM U10 2015"]
[Site "Magdeburg GER"]
[Date "2015.12.29"]
[Round "7"]
[White "Zimmermann, Bennet"]
[Black "Augustin, Elias"]
[Result "0-1"]
[Termination "normal"]
[Board "16.3"]
[WhiteElo "926"]
[BlackElo "846"]
[WhiteTeam "KSV Rochade Göttingen 1"]
[BlackTeam "SC 1994 Oberland"]
[PlyCount "43"]
[BlackFideId "16236963"]
[EventCountry "GER"]
[EventRounds "7"]
[EventType "team-swiss"]
[EventDate "2015.12.27"]

1. e4 e5 2. Nf3 Nc6 3. Nc3 Nf6 4. Bb5 Bb4 5. Nd5 Nxd5 6. exd5 a6 7. Ba4 Nd4 8.
a3 Ba5 9. O-O O-O 10. b4 b5 11. bxa5 bxa4 12. d3 Bb7 13. c4 c6 14. dxc6 Bxc6
15. Nxd4 exd4 16. Qg4 Qf6 17. Bg5 Qg6 18. h3 h5 19. Qg3 Rab8 20. Be7 Qxg3 21.
fxg3 Rfe8 22. Bc5 {Rest nicht nachvollziehbar} 0-1

[Event "DVM U10 2015"]
[Site "Magdeburg GER"]
[Date "2015.12.29"]
[Round "7"]
[White "Dornheim, Carl Friedrich"]
[Black "Gehrke, Gina Celina"]
[Result "0-1"]
[Termination "normal"]
[Board "17.1"]
[WhiteElo "985"]
[BlackElo "1519"]
[WhiteTeam "Schachzwerge Magdeburg 2"]
[BlackTeam "SV "Glück auf" Rüdersdorf"]
[PlyCount "92"]
[WhiteFideId "16252314"]
[BlackFideId "16205979"]
[EventCountry "GER"]
[EventRounds "7"]
[EventType "team-swiss"]
[EventDate "2015.12.27"]

1. e4 c5 2. Nf3 g6 3. Nc3 Bg7 4. b3 e6 5. Bb2 Nc6 6. Bb5 a6 7. Bxc6 bxc6 8. O-O
Ne7 9. d4 cxd4 10. Nxd4 d5 11. exd5 cxd5 12. Re1 O-O 13. Re3 e5 14. Ba3 Re8 15.
Bxe7 Qxe7 16. Nc6 Qc7 17. Qxd5 Bb7 18. Ne7+ Qxe7 19. Qc4 Rac8 20. Qg4 e4 21.
Rae1 Rxc3 22. Rxc3 Bxc3 23. Re3 Bg7 24. f3 Bd4 25. Qf4 Bxe3+ 26. Qxe3 exf3 27.
Qxe7 Rxe7 28. gxf3 Bxf3 29. c4 Re2 30. a4 Bg2 31. b4 Bh3 32. b5 axb5 33. a5
bxc4 34. a6 c3 35. a7 Ra2 36. a8=Q+ Rxa8 37. Kf2 c2 38. Kg3 Bf1 39. Kf3 c1=Q
40. Kg3 Ra4 41. h4 Qc3+ 42. Kf2 Ra1 43. h5 Bc4 44. h6 Ra2+ 45. Kg1 Qd4+ 46. Kh1
Bd5# 0-1

[Event "DVM U10 2015"]
[Site "Magdeburg GER"]
[Date "2015.12.29"]
[Round "7"]
[White "Petersen, Sophie"]
[Black "Stackfleth, Jarno"]
[Result "1-0"]
[Termination "normal"]
[Board "17.2"]
[WhiteElo "942"]
[BlackElo "940"]
[WhiteTeam "SV "Glück auf" Rüdersdorf"]
[BlackTeam "Schachzwerge Magdeburg 2"]
[PlyCount "83"]
[WhiteFideId "16229380"]
[BlackFideId "16252144"]
[EventCountry "GER"]
[EventRounds "7"]
[EventType "team-swiss"]
[EventDate "2015.12.27"]

1. e4 e5 2. Nf3 Nc6 3. d4 exd4 4. Nxd4 Nf6 5. Nc3 Bb4 6. Nxc6 bxc6 7. Bd2 Bxc3
8. Bxc3 Nxe4 9. Bxg7 Rg8 10. Bd4 d6 11. Bd3 Bf5 12. Bxe4 Bxe4 13. f3 Bf5 14. g4
Bg6 15. Qe2+ Kd7 16. O-O-O Re8 17. Qa6 Qb8 18. Qa3 Qb7 19. h4 Re2 20. Rd2 Rae8
21. h5 c5 22. Bc3 Qxf3 23. hxg6 Qxh1+ 24. Rd1 Rxc2+ 25. Kxc2 Re2+ 26. Rd2 Qe4+
27. Kb3 c4+ 28. Kb4 Qb7+ 29. Kxc4 Qc6+ 30. Kb3 Qb5+ 31. Qb4 Qc6 32. gxh7 Re8
33. h8=Q Rxh8 34. Bxh8 Qf3+ 35. Bc3 c5 36. Qb5+ Ke7 37. Re2+ Kd8 38. Re8+ Kc7
39. Qb8+ Kc6 40. Qa8+ Kb6 41. Qxf3 Kb5 42. Qb7# 1-0

[Event "DVM U10 2015"]
[Site "Magdeburg GER"]
[Date "2015.12.29"]
[Round "7"]
[White "Currenti, Gianluca"]
[Black "Pietsch, Alexander"]
[Result "0-1"]
[Termination "normal"]
[Board "17.3"]
[WhiteElo "819"]
[BlackElo "896"]
[WhiteTeam "Schachzwerge Magdeburg 2"]
[BlackTeam "SV "Glück auf" Rüdersdorf"]
[PlyCount "70"]
[EventCountry "GER"]
[EventRounds "7"]
[EventType "team-swiss"]
[EventDate "2015.12.27"]

1. e4 c6 2. Nf3 d5 3. exd5 cxd5 4. Nc3 Nf6 5. Bb5+ Bd7 6. Bxd7+ Qxd7 7. d4 Nc6
8. Bf4 e6 9. O-O Be7 10. Qe2 O-O 11. Rae1 Ng4 12. Ng5 Bxg5 13. Bxg5 h5 14. h3
Nxd4 15. Qd1 Qd6 16. hxg4 Nc6 17. gxh5 f6 18. Bh4 Kf7 19. Ne4 Qf4 20. Bg3 Qh6
21. Nd6+ Kg8 22. Nxb7 g6 23. hxg6 Qxg6 24. Rxe6 Nd8 25. Nxd8 Raxd8 26. Bc7 Kf7
27. Bd6 Rh8 28. Qxd5 Qh6 29. Re7+ Kg6 30. g4 Rxd6 31. Qf7+ Kg5 32. Qg7+ Kf4 33.
Rxa7 f5 34. gxf5 Ra6 35. f3 Qh2# 0-1

[Event "DVM U10 2015"]
[Site "Magdeburg GER"]
[Date "2015.12.29"]
[Round "7"]
[White "Bungarten, Jona"]
[Black "Dembski, Max"]
[Result "1/2-1/2"]
[Termination "normal"]
[Board "18.1"]
[WhiteElo "1148"]
[BlackElo "1072"]
[WhiteTeam "SF Brackel 1930"]
[BlackTeam "Stader SV"]
[PlyCount "62"]
[WhiteFideId "16223608"]
[EventCountry "GER"]
[EventRounds "7"]
[EventType "team-swiss"]
[EventDate "2015.12.27"]

1. e4 c5 2. d4 cxd4 3. c3 d6 4. cxd4 Nf6 5. Nc3 Nc6 6. Bb5 Bd7 7. Nf3 e5 8.
Bxc6 Bxc6 9. dxe5 dxe5 10. Qxd8+ Rxd8 11. Bg5 Be7 12. Bxf6 Bxf6 13. O-O O-O 14.
Rad1 b5 15. Rfe1 g6 16. Nd5 Bxd5 17. Rxd5 Rxd5 18. exd5 Rc8 19. Nxe5 Bxe5 20.
f3 Bxb2 21. Kf2 Ba3 22. Rd1 Kf8 23. Ke3 Ke7 24. Ke4 Kd6 25. Rd3 Bb2 26. Rb3 Be5
27. f4 Rc4+ 28. Kd3 Bxf4 29. Rxb5 Ra4 30. g3 Bg5 31. Rb7 Rxa2 {nicht weiter
nachvollziehbar} 1/2-1/2

[Event "DVM U10 2015"]
[Site "Magdeburg GER"]
[Date "2015.12.29"]
[Round "7"]
[White "Fuchs, Thomas"]
[Black "Zabudkin, David"]
[Result "1-0"]
[Termination "normal"]
[Board "18.2"]
[WhiteElo "948"]
[BlackElo "947"]
[WhiteTeam "Stader SV"]
[BlackTeam "SF Brackel 1930"]
[PlyCount "69"]
[WhiteFideId "16230574"]
[BlackFideId "34605975"]
[EventCountry "GER"]
[EventRounds "7"]
[EventType "team-swiss"]
[EventDate "2015.12.27"]

1. d4 d5 2. c4 dxc4 3. e4 Nc6 4. Nf3 Bg4 5. d5 Bxf3 6. Qxf3 Ne5 7. Qd1 b5 8.
Bf4 Ng6 9. Bg3 c6 10. Nc3 b4 11. Na4 cxd5 12. exd5 Nf6 13. Bxc4 a6 14. O-O Qc7
15. Bxc7 Rc8 16. Rc1 Rxc7 17. Bb5+ Kd8 18. Rxc7 Kxc7 19. Be2 Kd8 20. Bxa6 Nf4
21. Qc2 Ne2+ 22. Qxe2 Nxd5 23. Rd1 e6 24. Bc4 Bd6 25. Bxd5 exd5 26. Rxd5 Kd7
27. Qd2 Ke7 28. Rxd6 Rc8 29. h3 Rc7 30. Qxb4 Rd7 31. Rxd7+ Kxd7 32. Nc5+ Kc7
33. a4 Kc6 34. a5 Kd5 35. Ne4 1-0

[Event "DVM U10 2015"]
[Site "Magdeburg GER"]
[Date "2015.12.29"]
[Round "7"]
[White "Stockmann, Till"]
[Black "Pfefferkorn, Paul"]
[Result "1-0"]
[Termination "normal"]
[Board "19.1"]
[WhiteElo "1482"]
[BlackElo "799"]
[WhiteTeam "VfL Gräfenhainichen"]
[BlackTeam "USV TU Dresden 2"]
[PlyCount "57"]
[WhiteFideId "12979341"]
[BlackFideId "16255330"]
[EventCountry "GER"]
[EventRounds "7"]
[EventType "team-swiss"]
[EventDate "2015.12.27"]

1. e4 e5 2. Nf3 Nc6 3. Bc4 Nf6 4. d4 exd4 5. e5 Ne4 6. Bd5 Nc5 7. Bxc6 dxc6 8.
Qxd4 Qxd4 9. Nxd4 Bd7 10. Nc3 Be7 11. Be3 O-O 12. O-O b5 13. f4 f5 14. Rad1 b4
15. Nce2 a5 16. Ng3 Ne4 17. Nxe4 fxe4 18. Ne2 Bg4 19. Rd2 Rad8 20. Rxd8 Rxd8
21. Ng3 c5 22. Nxe4 c4 23. c3 b3 24. a3 Bxa3 25. bxa3 Rd1 26. Rxd1 Bxd1 27. Bc1
Bc2 28. Nd2 a4 29. Nxc4 1-0

[Event "DVM U10 2015"]
[Site "Magdeburg GER"]
[Date "2015.12.29"]
[Round "7"]
[White "Quinque, Pepe"]
[Black "Posselt, Daniel"]
[Result "0-1"]
[Termination "normal"]
[Board "19.3"]
[WhiteElo "870"]
[BlackElo "855"]
[WhiteTeam "VfL Gräfenhainichen"]
[BlackTeam "USV TU Dresden 2"]
[PlyCount "75"]
[WhiteFideId "16255550"]
[BlackFideId "16298241"]
[EventCountry "GER"]
[EventRounds "7"]
[EventType "team-swiss"]
[EventDate "2015.12.27"]

1. e4 e5 2. Nf3 Nc6 3. d4 f6 4. dxe5 fxe5 5. Bg5 Nf6 6. Nc3 Be7 7. Bb5 d6 8.
O-O Bg4 9. Qd3 Qd7 10. Nd5 O-O-O 11. Qb3 Kb8 12. Nxe7 Qxe7 13. Bxf6 gxf6 14.
Ba6 Bc8 15. g4 Nd4 16. Nxd4 exd4 17. f3 Qe5 18. f4 Qxe4 19. Rae1 Qc6 20. Re7
Qxa6 21. Qf7 Qb6 22. Qxf6 d3+ 23. Kh1 Qc6+ 24. Kg1 dxc2 25. Rc1 Rhg8 26. g5 b6
27. Re3 Bb7 28. Re2 Qf3 29. Qe7 Qh1+ 30. Kf2 Qxc1 31. Qe3 Qxe3+ 32. Rxe3 c1=Q
33. f5 Qxb2+ 34. Re2 Qd4+ 35. Re3 Qf4+ 36. Rf3 Qxh2+ 37. Ke3 Bxf3 38. Kd4 0-1

[Event "DVM U10 2015"]
[Site "Magdeburg GER"]
[Date "2015.12.29"]
[Round "7"]
[White "Posselt, Marcus"]
[Black "Froehlich, Luca"]
[Result "1/2-1/2"]
[Termination "normal"]
[Board "19.4"]
[WhiteElo "890"]
[BlackElo "758"]
[WhiteTeam "USV TU Dresden 2"]
[BlackTeam "VfL Gräfenhainichen"]
[PlyCount "69"]
[EventCountry "GER"]
[EventRounds "7"]
[EventType "team-swiss"]
[EventDate "2015.12.27"]

1. e4 e5 2. Nf3 Nc6 3. Bc4 Nf6 4. d3 Bc5 5. O-O O-O 6. Bg5 d6 7. h3 Nd4 8. Nc3
h6 9. Bh4 d5 10. Nxd5 Be6 11. Nxf6+ gxf6 12. Bxe6 fxe6 13. Qc1 Kf7 14. Qxh6 Ke8
15. Nxe5 Nxc2 16. Rac1 Qd4 17. Ng4 Qxb2 18. Qd2 Qxa2 19. Rxc2 Bb4 20. Rxa2 Bxd2
21. Rxd2 a5 22. Nxf6+ Ke7 23. Nh7+ Kf7 24. Nxf8 Kxf8 25. Ra1 b6 26. Rda2 c5 27.
Bg5 e5 28. Bd2 Ra6 29. Bxa5 bxa5 30. Rxa5 Rb6 31. Rxc5 Rb3 32. Rd1 Rc3 33. Rxc3
Kf7 34. Rc6 Ke7 35. Rb1 1/2-1/2

[Event "DVM U10 2015"]
[Site "Magdeburg GER"]
[Date "2015.12.29"]
[Round "7"]
[White "Siol, Mats Lennart"]
[Black "Braun, Erik"]
[Result "0-1"]
[Termination "normal"]
[Board "20.1"]
[WhiteElo "1178"]
[BlackElo "991"]
[WhiteTeam "SK Blauer Springer Paderborn 1926"]
[BlackTeam "Peiner SV"]
[PlyCount "96"]
[WhiteFideId "16229240"]
[EventCountry "GER"]
[EventRounds "7"]
[EventType "team-swiss"]
[EventDate "2015.12.27"]

1. d4 d5 2. Nf3 Nc6 3. e3 Nf6 4. Bd3 e6 5. Nbd2 Bd6 6. b3 O-O 7. Bb2 Bd7 8. a3
Qe7 9. O-O e5 10. dxe5 Nxe5 11. Nxe5 Bxe5 12. Bxe5 Qxe5 13. Nf3 Qd6 14. Ng5 g6
15. f4 Rfe8 16. Qe1 Qc5 17. Rf3 Ng4 18. b4 Qb6 19. Qh4 h5 20. f5 Ne5 21. fxg6
Nxf3+ 22. Nxf3 Qxe3+ 23. Kh1 Bg4 24. gxf7+ Kxf7 25. Ng5+ Kg7 26. Nh7 Qh6 27.
Qf2 Re7 28. Qd4+ Kf7 29. Rf1+ Ke8 30. Qh8+ Kd7 31. Nf8+ Qxf8 32. Rxf8 Rxf8 33.
Qxf8 Re1+ 34. Bf1 Be2 35. Qf5+ Kd6 36. Qf4+ Kc6 37. Qf6+ Kb5 38. c4+ Ka4 39.
Kg1 Rxf1+ 40. Qxf1 Bxf1 41. Kxf1 dxc4 42. Ke2 Kb3 43. Kd2 Kb2 44. h3 c3+ 45.
Kd3 c2 46. g4 c1=Q 47. gxh5 Qc3+ 48. Ke2 Qxh3 0-1

[Event "DVM U10 2015"]
[Site "Magdeburg GER"]
[Date "2015.12.29"]
[Round "7"]
[White "Stein, Luis"]
[Black "Schmidtmann, Kimberly"]
[Result "0-1"]
[Termination "normal"]
[Board "20.2"]
[WhiteElo "943"]
[BlackElo "1334"]
[WhiteTeam "Peiner SV"]
[BlackTeam "SK Blauer Springer Paderborn 1926"]
[PlyCount "96"]
[WhiteFideId "16268407"]
[BlackFideId "12967106"]
[EventCountry "GER"]
[EventRounds "7"]
[EventType "team-swiss"]
[EventDate "2015.12.27"]

1. e4 e5 2. Nf3 Nc6 3. Nc3 Bc5 4. d3 Nf6 5. h3 d5 6. Bg5 dxe4 7. dxe4 Qxd1+ 8.
Nxd1 Nxe4 9. Bd3 Nxg5 10. Nxg5 O-O 11. Bxh7+ Kh8 12. Be4 Nd4 13. O-O Bf5 14.
Bxf5 Nxf5 15. Nf3 e4 16. Ng5 e3 17. a3 e2 18. Re1 exd1=Q 19. Raxd1 Ng3 20. Rd5
Bb6 21. c4 c6 22. Rdd1 Rad8 23. Rxd8 Bxd8 24. Nf3 Bb6 25. Rc1 Ne2+ 26. Kf1 Nxc1
27. Ne5 Kg8 28. b4 Rd8 29. Kg1 Bc7 30. f4 Bxe5 31. fxe5 Rd4 32. c5 Re4 33. Kf2
Rxe5 34. Kf3 Re8 35. g4 b6 36. Kf4 bxc5 37. bxc5 Nb3 38. h4 Nxc5 39. g5 Nd3+
40. Kf5 g6+ 41. Kg4 c5 42. Kf3 c4 43. Kg4 c3 44. Kf3 c2 45. Kg4 c1=Q 46. Kg3
Qf4+ 47. Kg2 Qg4+ 48. Kf1 Re1# 0-1

[Event "DVM U10 2015"]
[Site "Magdeburg GER"]
[Date "2015.12.29"]
[Round "7"]
[White "Klahold, Rona"]
[Black "Post, Patrick"]
[Result "0-1"]
[Termination "normal"]
[Board "20.3"]
[WhiteElo "896"]
[BlackElo "926"]
[WhiteTeam "SK Blauer Springer Paderborn 1926"]
[BlackTeam "Peiner SV"]
[PlyCount "128"]
[WhiteFideId "16222970"]
[EventCountry "GER"]
[EventRounds "7"]
[EventType "team-swiss"]
[EventDate "2015.12.27"]

1. d4 e6 2. Nf3 c5 3. dxc5 Bxc5 4. Nc3 Nc6 5. Bf4 Nf6 6. e3 d5 7. Nb5 O-O 8.
Bd3 a6 9. Nbd4 Bxd4 10. exd4 Qb6 11. Be5 Nxe5 12. dxe5 Ne8 13. Rb1 Qa5+ 14. c3
Qxa2 15. O-O Qa5 16. Bc2 Bd7 17. Qd3 g6 18. Ra1 Qb6 19. Ba4 Bxa4 20. Rxa4 Qxb2
21. Rb4 Qa3 22. Rxb7 Ng7 23. Qd4 Nf5 24. Qd2 Rac8 25. Ra7 Rxc3 26. Nd4 Nxd4 27.
Qxd4 Rc1 28. g3 Rxf1+ 29. Kxf1 Qa5 30. Qd3 Qa1+ 31. Kg2 Qxe5 32. Rxa6 Qe4+ 33.
Qxe4 dxe4 34. Ra4 f5 35. Ra5 Kg7 36. Ra7+ Kf6 37. Kh3 g5 38. f4 g4+ 39. Kg2 Rh8
40. Kf2 h5 41. Ra6 h4 42. gxh4 Rxh4 43. Kg3 Rh3+ 44. Kg2 e3 45. Ra1 Kg6 46. Re1
Kh5 47. Re2 Kh4 48. Re1 g3 49. hxg3+ Rxg3+ 50. Kf1 Kg4 51. Ke2 Kxf4 52. Kf1 Kf3
53. Rd1 e2+ 54. Ke1 exd1=Q+ 55. Kxd1 Rg2 56. Ke1 Rf2 57. Kd1 Re2 58. Kc1 Ke3
59. Kd1 Kd3 60. Kc1 Rd2 61. Kb1 Rc2 62. Ka1 Kc3 63. Kb1 Kb3 64. Ka1 Rc1# 0-1

[Event "DVM U10 2015"]
[Site "Magdeburg GER"]
[Date "2015.12.29"]
[Round "7"]
[White "Derling, Charlotte"]
[Black "Kalina, Lena"]
[Result "1-0"]
[Termination "normal"]
[Board "21.1"]
[WhiteElo "925"]
[BlackElo "1410"]
[WhiteTeam "SV Roter Turm Halle 2"]
[BlackTeam "SC Landskrone"]
[PlyCount "57"]
[WhiteFideId "16222237"]
[BlackFideId "12988014"]
[EventCountry "GER"]
[EventRounds "7"]
[EventType "team-swiss"]
[EventDate "2015.12.27"]

1. e4 g6 2. d4 Bg7 3. Nf3 c6 4. Nc3 d5 5. e5 Bg4 6. h3 Bxf3 7. Qxf3 e6 8. Bd3
Ne7 9. O-O Nd7 10. Bg5 a6 11. Rfe1 c5 12. dxc5 Nxc5 13. Rad1 Qc7 14. Bf4 Nc6
15. Qg3 Nd7 16. Re2 Bxe5 17. Bxe5 Ndxe5 18. Rde1 Nd7 19. Qxc7 e5 20. Qxb7 Rb8
21. Qxc6 d4 22. Rxe5+ Kd8 23. Nd5 Rc8 24. Qa4 Nxe5 25. Rxe5 h6 26. Nb6 Kc7 27.
Qb4 Rb8 28. Re7+ Kc6 29. Be4# 1-0

[Event "DVM U10 2015"]
[Site "Magdeburg GER"]
[Date "2015.12.29"]
[Round "7"]
[White "Müller, Maurice-Pascal"]
[Black "Kageler, Anton Paul"]
[Result "1-0"]
[Termination "normal"]
[Board "21.2"]
[WhiteElo "1002"]
[BlackElo "964"]
[WhiteTeam "SC Landskrone"]
[BlackTeam "SV Roter Turm Halle 2"]
[PlyCount "63"]
[WhiteFideId "16243340"]
[BlackFideId "16244850"]
[EventCountry "GER"]
[EventRounds "7"]
[EventType "team-swiss"]
[EventDate "2015.12.27"]

1. e4 c5 2. Nf3 Nc6 3. d4 d6 4. dxc5 dxc5 5. Qxd8+ Nxd8 6. Bb5+ Nc6 7. Ne5 g6
8. Nxc6 Bd7 9. O-O bxc6 10. Bc4 Bg7 11. c3 Nf6 12. e5 Ne4 13. Re1 f6 14. exf6
Nxf6 15. Bg5 Rb8 16. b3 Nd5 17. Bxd5 cxd5 18. Rxe7+ Kf8 19. Rxd7 d4 20. Nd2
dxc3 21. Nc4 c2 22. Rc1 Re8 23. Rd8 Rxd8 24. Bxd8 a6 25. Rxc2 Kf7 26. Ba5 Re8
27. Nd6+ Ke7 28. Nxe8 Kxe8 29. Rxc5 Bf8 30. Rc7 h5 31. Ra7 Bc5 32. Rxa6 1-0